000 00325 a2200157 4500
001 49324
020 _a8526257315
040 _cAnchieta - Bela Vista
100 _aLuchetti, José Roberto
240 1 0 _aAlberto
_lpor
245 1 0 _aAlberto
300 _a47
362 0 _a2005
650 4 _aLiteratura juvenil
942 _cBK
999 _c49324
_d49324